000 00611nam a2200193 i 4500
001 100226
003 ES-MaACL
005 20250929063142.0
007 t|
008 050923s1939 fr ||||1| fre d
100 1 _aMartonne, Emmanuel de,
_d1873-1955
_978528
245 1 0 _aAbrégé de Géographie Physique /
_cEnmanuel de Martonne.
250 _a4e éd., rev. et mise a jour.
260 _aParis :
_bArmand Colin,
_c1939 (
_fHérissey)
300 _aIV, 355 p. :
_bil. ;
_c23 cm.
650 0 7 _aGeografía física
_2embne
_913078
852 _aES-MaACL
_jA-5300
_bR.18357
999 _c100226
_d100226